State Quiz - Santa Catarina - Statistics

General Stats
  • This quiz has been taken 58 times
    39 since last reset
  • The average score is 10 of 15
Answer Stats
Hint Answer % Correct
State capital Florianópolis
100%
Brazilian states that border Santa Catarina Paraná
97%
Brazilian states that border Santa Catarina Rio Grande do Sul
97%
Largest city—starts with "J" Joinville
94%
Province and foreign country that Santa Catarina borders to the west Argentina
91%
City with more skyscrapers than any other city in Brazil {Balneário} Camboriú
91%
Largest theme park in Latin America Beto {Carrero} World
85%
Largest immigrant groups besides Portuguese Italian
76%
Largest immigrant groups besides Portuguese German
68%
Santa Catarina has the second highest percentage of _____ Brazilians, at 76.3% White
50%
Island that city is situated on Ilha de Santa Catarina
47%
Santa Catarina is the largest exporter of this meat in Brazil Pork
35%
Province and foreign country that Santa Catarina borders to the west Misiones
29%
River that begins at the confluence of the Canoas and Pelotas rivers Uruguay River
21%
Laguna is known for ______s that help fishermen catch fish Dolphin
9%
No matching quizzes found
Score Distribution
Percent of People with Each Score
Percentile by Number Answered
Your Score History
You have not taken this quiz since the last reset